000 00467nam a2200169Ia 4500
008 221030s9999 xx 000 0 und d
020 _a8122410421
041 _aEnglish
082 _a105.23
_bBha
100 _aS. K. Bhattacharya
245 0 _aExperiments in Basic Eelctrical Engineering
_cby S. K. Bhattacharya, K. M. Rastogi
260 _bNew Age International Pub.
_aNew Delhi
_c1997
300 _a275
650 _aEE
700 _aK. M. Rastogi
942 _cBK
999 _c1329
_d1329